[Event "Mitropa Cup 33rd"]
[Site "Ruzomberok"]
[Date "2014.05.31"]
[Round "9.3"]
[White "Nayhebaver, Martin"]
[Black "Barbot, Pierre"]
[Result "1-0"]
[WhiteElo "2309"]
[BlackElo "2413"]
[PlyCount "151"]
[EventDate "2014.05.23"]
[EventType "team-tourn"]
[EventRounds "9"]
[EventCountry "SVK"]
[Source "ChessBase"]
[SourceDate "2014.07.01"]
[WhiteTeam "Slovakia II"]
[BlackTeam "France"]
[WhiteTeamCountry "SVK"]
[BlackTeamCountry "FRA"]

1. e4 c5 2. Nf3 d6 3. d4 cxd4 4. Nxd4 Nf6 5. Nc3 Nc6 6. Bg5 e6 7. Qd2 Be7 8.
O-O-O O-O 9. f3 Nxd4 10. Qxd4 a6 11. g4 b5 12. Be3 Bb7 13. h4 Rc8 14. g5 Nd7
15. Kb1 Qc7 16. Qd2 Ne5 17. Be2 b4 18. Na4 Bc6 19. Nb6 Rb8 20. f4 Bxe4 21. fxe5
d5 22. Rhf1 Qc6 23. Bd3 Bxd3 24. Qxd3 Bd8 25. Nxd5 exd5 26. Qxd5 Rc8 27. Qxc6
Rxc6 28. Rd6 Rxd6 29. exd6 Re8 30. Bd2 a5 31. c3 Re6 32. cxb4 Rxd6 33. Bf4 Rd4
34. bxa5 Bxa5 35. Kc2 f6 36. gxf6 gxf6 37. a3 Kf7 38. Be5 Rxh4 39. Rxf6+ Ke8
40. Ra6 Bd8 41. Ra8 Rh6 42. Kd3 Kd7 43. Ra7+ Kc8 44. Ke4 Rh5 45. Rf7 h6 46. Kd5
Rg5 47. Ke4 Rg4+ 48. Kf3 Rg5 49. Bd4 h5 50. Rf8 Rg6 51. Rh8 h4 52. Bf2 Kd7 53.
Bxh4 Bb6 54. Rf8 Bc5 55. Rf7+ Kc6 56. Bf2 Bd6 57. Rf5 Rg8 58. Ke2 Re8+ 59. Be3
Re5 60. Rf6 Kd7 61. Kd3 Re6 62. Rf7+ Re7 63. Rxe7+ Bxe7 64. b4 Kc6 65. Kc4 Bd6
66. b5+ Kb7 67. a4 Bc7 68. Bd2 Bb6 69. a5 Bf2 70. Bc3 Kc8 71. Kd5 Kb7 72. Bd4
Bg3 73. a6+ Ka8 74. b6 Bc7 75. b7+ Kb8 76. Kc6 1-0

[Event "Mitropa Cup 33rd"]
[Site "Ruzomberok"]
[Date "2014.05.30"]
[Round "8.4"]
[White "Nguyen, Thai Dai Van"]
[Black "Szabo, Krisztian"]
[Result "1/2-1/2"]
[WhiteElo "2239"]
[BlackElo "2543"]
[PlyCount "60"]
[EventDate "2014.05.23"]
[EventType "team-tourn"]
[EventRounds "9"]
[EventCountry "SVK"]
[Source "ChessBase"]
[SourceDate "2014.07.01"]
[WhiteTeam "Czech Republic"]
[BlackTeam "Hungary"]
[WhiteTeamCountry "CZE"]
[BlackTeamCountry "HUN"]

1. e4 e5 2. Nf3 Nc6 3. Bc4 Bc5 4. c3 Nf6 5. d4 exd4 6. cxd4 Bb4+ 7. Nbd2 d5 8.
exd5 Nxd5 9. O-O O-O 10. a3 Ba5 11. Nb3 Bb6 12. Bg5 f6 13. Bh4 Na5 14. Nxa5
Bxa5 15. Rc1 Be6 16. b4 Bb6 17. Re1 Qd7 18. Nd2 Rad8 19. Ne4 Qf7 20. Nc5 Bc8
21. Qf3 c6 22. Bg3 Kh8 23. h3 Bxc5 24. dxc5 Rfe8 25. Rcd1 Be6 26. Bd6 Qd7 27.
Bb3 Bf7 28. Kh2 a6 29. Kg1 Rxe1+ 30. Rxe1 Re8 1/2-1/2

[Event "Mitropa Cup 33rd"]
[Site "Ruzomberok"]
[Date "2014.05.28"]
[Round "6.3"]
[White "Jarmula, Lukasz"]
[Black "Svane, Rasmus"]
[Result "0-1"]
[WhiteElo "2256"]
[BlackElo "2490"]
[PlyCount "62"]
[EventDate "2014.05.23"]
[EventType "team-tourn"]
[EventRounds "9"]
[EventCountry "SVK"]
[Source "ChessBase"]
[SourceDate "2014.07.01"]
[WhiteTeam "Poland"]
[BlackTeam "Germany"]
[WhiteTeamCountry "POL"]
[BlackTeamCountry "GER"]

1. Nf3 d5 2. d4 Nf6 3. c4 c6 4. Nc3 e6 5. Bg5 dxc4 6. e4 b5 7. e5 h6 8. Bh4 g5
9. Nxg5 hxg5 10. Bxg5 Be7 11. exf6 Bxf6 12. Bxf6 Qxf6 13. g3 Bb7 14. Bg2 Na6
15. a4 O-O-O 16. axb5 cxb5 17. Bxb7+ Kxb7 18. O-O Rxd4 19. Qe2 Nc7 20. b3 b4
21. Na4 c3 22. Nc5+ Kc8 23. Rxa7 Qh6 24. h4 Qxh4 25. Rxc7+ Kxc7 26. Nxe6+ fxe6
27. Qe5+ Kd8 28. gxh4 Rg8+ 29. Kh1 Rxh4+ 30. Qh2 Rxh2+ 31. Kxh2 Ke7 0-1

[Event "Mitropa Cup 33rd"]
[Site "Ruzomberok"]
[Date "2014.05.31"]
[Round "9.4"]
[White "Jarmula, Lukasz"]
[Black "Jurcik, Marian"]
[Result "1-0"]
[WhiteElo "2256"]
[BlackElo "2469"]
[PlyCount "51"]
[EventDate "2014.05.23"]
[EventType "team-tourn"]
[EventRounds "9"]
[EventCountry "SVK"]
[Source "ChessBase"]
[SourceDate "2014.07.01"]
[WhiteTeam "Poland"]
[BlackTeam "Slovakia"]
[WhiteTeamCountry "POL"]
[BlackTeamCountry "SVK"]

1. d4 Nf6 2. c4 b6 3. Nc3 Bb7 4. Qc2 d5 5. cxd5 Nxd5 6. e4 Nxc3 7. bxc3 e5 8.
Nf3 exd4 9. Bc4 Nc6 10. O-O Na5 11. Bb5+ c6 12. Be2 d3 13. Bxd3 Qc7 14. e5
O-O-O 15. Bf4 c5 16. Bg3 Bxf3 17. gxf3 h5 18. Rad1 Kb8 19. h3 h4 20. Bh2 g6 21.
Ba6 Nc6 22. Qe4 Be7 23. e6 Bd6 24. Rxd6 Rxd6 25. exf7 Rhd8 26. Qe8 1-0

[Event "Mitropa Cup 33rd"]
[Site "Ruzomberok"]
[Date "2014.05.27"]
[Round "5.3"]
[White "Nayhebaver, Martin"]
[Black "Rindlisbacher, Lars"]
[Result "1-0"]
[WhiteElo "2309"]
[BlackElo "2348"]
[PlyCount "84"]
[EventDate "2014.05.23"]
[EventType "team-tourn"]
[EventRounds "9"]
[EventCountry "SVK"]
[Source "ChessBase"]
[SourceDate "2014.07.01"]
[WhiteTeam "Slovakia II"]
[BlackTeam "Switzerland"]
[WhiteTeamCountry "SVK"]
[BlackTeamCountry "SUI"]

1. e4 e5 2. Nf3 Nc6 3. Bb5 a6 4. Ba4 Nf6 5. O-O Be7 6. Re1 b5 7. Bb3 O-O 8. h3
Bb7 9. d3 d6 10. c3 Nb8 11. Nbd2 Nbd7 12. Nf1 h6 13. Ng3 Re8 14. Bc2 Bf8 15. a4
c6 16. d4 Qc7 17. Bd3 Rad8 18. Qc2 c5 19. axb5 c4 20. b6 Nxb6 21. Bf1 Nbd7 22.
d5 Nb6 23. Be3 Nfd7 24. Nf5 Kh7 25. Nd2 Ra8 26. Bxb6 Nxb6 27. Ne3 a5 28. Ndxc4
Nd7 29. Ra3 Nc5 30. b3 Ba6 31. Rea1 Bxc4 32. Nxc4 Reb8 33. Rxa5 Rxa5 34. Nxa5
Ra8 35. b4 Nb7 36. Nb3 Rc8 37. Rc1 Qb6 38. Qa2 Be7 39. Qa6 Qc7 40. Bb5 Rb8 41.
Qa7 Bg5 42. Rc2 Qe7 1-0

[Event "Mitropa Cup 33rd"]
[Site "Ruzomberok"]
[Date "2014.05.27"]
[Round "5.3"]
[White "Froewis, Georg"]
[Black "Jarmula, Lukasz"]
[Result "1-0"]
[WhiteElo "2438"]
[BlackElo "2256"]
[PlyCount "71"]
[EventDate "2014.05.23"]
[EventType "team-tourn"]
[EventRounds "9"]
[EventCountry "SVK"]
[Source "ChessBase"]
[SourceDate "2014.07.01"]
[WhiteTeam "Austria"]
[BlackTeam "Poland"]
[WhiteTeamCountry "AUT"]
[BlackTeamCountry "POL"]

1. d4 Nf6 2. c4 e6 3. Nf3 b6 4. g3 Bb7 5. Bg2 Be7 6. O-O O-O 7. Re1 c5 8. d5
exd5 9. Nh4 Ne4 10. cxd5 Bxh4 11. Bxe4 Be7 12. Qc2 Bg5 13. Bxh7+ Kh8 14. Be4
Bxc1 15. Qxc1 Qf6 16. Nc3 d6 17. Qe3 Nd7 18. g4 Qh4 19. Qg3 Qxg3+ 20. hxg3 Nf6
21. Bf3 a6 22. Kg2 Rae8 23. Rh1+ Kg8 24. g5 Nh7 25. Ne4 Bxd5 26. Nxd6 Bxf3+ 27.
exf3 Re2 28. f4 Rd8 29. Rad1 Nf8 30. f5 Rxb2 31. Rh2 Nh7 32. g6 fxg6 33. fxg6
Nf8 34. Nf7 Nxg6 35. Nxd8 Rxa2 36. Rd6 1-0

[Event "Mitropa Cup 33rd"]
[Site "Ruzomberok"]
[Date "2014.05.24"]
[Round "2.1"]
[White "Gajek, Radoslaw"]
[Black "Nayhebaver, Martin"]
[Result "1/2-1/2"]
[WhiteElo "2315"]
[BlackElo "2309"]
[PlyCount "79"]
[EventDate "2014.05.23"]
[EventType "team-tourn"]
[EventRounds "9"]
[EventCountry "SVK"]
[Source "ChessBase"]
[SourceDate "2014.07.01"]
[WhiteTeam "Poland"]
[BlackTeam "Slovakia II"]
[WhiteTeamCountry "POL"]
[BlackTeamCountry "SVK"]

1. e4 c5 2. Nf3 d6 3. d4 cxd4 4. Nxd4 Nf6 5. f3 a6 6. c4 e6 7. Nc3 Be7 8. Be3
O-O 9. Be2 Qc7 10. O-O b6 11. Qd2 Bb7 12. Rfc1 Nbd7 13. a4 Rac8 14. a5 bxa5 15.
Nb3 Rfd8 16. Nxa5 Ba8 17. b4 d5 18. c5 dxe4 19. Nxe4 Nxe4 20. fxe4 Bxe4 21.
Bxa6 Nb8 22. Qe2 Nxa6 23. Qxa6 Bf6 24. Ra2 Be5 25. g3 Bxg3 26. Qe2 Bf4 27. Qf2
Bxe3 28. Qxe3 f5 29. Ra3 Rb8 30. Rb3 Bd5 31. Rb2 f4 32. Qc3 Qf7 33. c6 Qg6+ 34.
Kf1 Rbc8 35. b5 Qe4 36. Rf2 Qh1+ 37. Ke2 Qe4+ 38. Kf1 Qa4 39. Rb2 Qe4 40. Rf2
1/2-1/2

[Event "Mitropa Cup 33rd"]
[Site "Ruzomberok"]
[Date "2014.05.31"]
[Round "9.4"]
[White "Froewis, Georg"]
[Black "Nguyen, Thai Dai Van"]
[Result "1-0"]
[WhiteElo "2438"]
[BlackElo "2239"]
[PlyCount "105"]
[EventDate "2014.05.23"]
[EventType "team-tourn"]
[EventRounds "9"]
[EventCountry "SVK"]
[Source "ChessBase"]
[SourceDate "2014.07.01"]
[WhiteTeam "Austria"]
[BlackTeam "Czech Republic"]
[WhiteTeamCountry "AUT"]
[BlackTeamCountry "CZE"]

1. d4 d5 2. c4 e6 3. Nf3 Nf6 4. Nc3 Be7 5. Bf4 O-O 6. a3 b6 7. e3 Bb7 8. Rc1 c5
9. dxc5 Bxc5 10. b4 Be7 11. Nb5 a6 12. Bc7 Qc8 13. Bxb6 axb5 14. cxb5 Qe8 15.
Qb3 Nbd7 16. Bd4 Bd6 17. Be2 Qe7 18. O-O e5 19. Bb2 Nb6 20. Rfd1 Rfe8 21. Ne1
Ne4 22. Nd3 Nc4 23. f3 Ned2 24. Qc3 d4 25. exd4 exd4 26. Qxd4 Qe3+ 27. Qxe3
Rxe3 28. Bf1 Rxd3 29. Bxd3 Nxb2 30. Rxd2 Bf4 31. Rcc2 Bxd2 32. Rxd2 Nxd3 33.
Rxd3 Kf8 34. Rd7 Bc8 35. Rc7 Be6 36. b6 Rb8 37. a4 Rxb6 38. b5 Ke8 39. Kf2 Kd8
40. Rc5 Rd6 41. Ke3 Rd1 42. b6 Rd5 43. b7 Rxc5 44. b8=Q+ Rc8 45. Qd6+ Ke8 46.
a5 Rd8 47. Qc6+ Bd7 48. Qe4+ Kf8 49. Qxh7 Re8+ 50. Kf2 Re5 51. Qd3 Ke7 52. Qa3+
Kf6 53. a6 1-0

[Event "Mitropa Cup 33rd"]
[Site "Ruzomberok"]
[Date "2014.05.29"]
[Round "7.4"]
[White "Jarmula, Lukasz"]
[Black "Vitoux, Colomban"]
[Result "0-1"]
[WhiteElo "2256"]
[BlackElo "2402"]
[PlyCount "102"]
[EventDate "2014.05.23"]
[EventType "team-tourn"]
[EventRounds "9"]
[EventCountry "SVK"]
[Source "ChessBase"]
[SourceDate "2014.07.01"]
[WhiteTeam "Poland"]
[BlackTeam "France"]
[WhiteTeamCountry "POL"]
[BlackTeamCountry "FRA"]

1. e4 c5 2. Nf3 Nc6 3. d4 cxd4 4. Nxd4 g6 5. c4 Bg7 6. Be3 Nf6 7. Nc3 O-O 8.
Be2 b6 9. O-O Bb7 10. f3 Nh5 11. Rc1 Nf4 12. Nxc6 Nxe2+ 13. Qxe2 dxc6 14. Qf2
Qc7 15. Bd4 Bxd4 16. Qxd4 Rad8 17. Qe3 Qe5 18. Rcd1 f5 19. Qg5 Ba6 20. exf5
Bxc4 21. Rfe1 Rxd1 22. Rxd1 Rxf5 23. Qh4 Rf4 24. Qf2 Bd5 25. Re1 Qf6 26. Qe3
Kf7 27. Rd1 Rf5 28. Re1 Qg5 29. Nxd5 cxd5 30. Qe6+ Kf8 31. Qc8+ Kf7 32. Qe6+
Kf8 33. Qc8+ Kg7 34. Qc7 Kf7 35. Qxa7 Re5 36. Rxe5 Qxe5 37. h3 Qe1+ 38. Kh2
Qe5+ 39. Kg1 Qxb2 40. Qa8 Qa1+ 41. Kh2 Qe5+ 42. Kh1 Qe1+ 43. Kh2 Qe5+ 44. Kh1
d4 45. Qd8 Qd6 46. Qxd6 exd6 47. Kg1 Ke6 48. Kf2 Kd5 49. Ke2 Kc4 50. Kd2 d3 51.
g4 g5 0-1

[Event "Mitropa Cup 33rd"]
[Site "Ruzomberok"]
[Date "2014.05.24"]
[Round "2.2"]
[White "Mazur, Stefan"]
[Black "Nguyen, Thai Dai Van"]
[Result "1/2-1/2"]
[WhiteElo "2426"]
[BlackElo "2239"]
[PlyCount "102"]
[EventDate "2014.05.23"]
[EventType "team-tourn"]
[EventRounds "9"]
[EventCountry "SVK"]
[Source "ChessBase"]
[SourceDate "2014.07.01"]
[WhiteTeam "Slovakia"]
[BlackTeam "Czech Republic"]
[WhiteTeamCountry "SVK"]
[BlackTeamCountry "CZE"]

1. e4 e5 2. Nf3 Nf6 3. Nxe5 d6 4. Nf3 Nxe4 5. Nc3 Nxc3 6. dxc3 Be7 7. Be3 Nc6
8. Qd2 Be6 9. O-O-O Qd7 10. Kb1 Bf6 11. h4 h6 12. Nd4 Nxd4 13. Bxd4 Bxd4 14.
Qxd4 O-O 15. Rg1 Qe7 16. Bd3 Rfe8 17. c4 Bd7 18. Qd5 Bc6 19. Qf5 Be4 20. Qf4
Bxd3 21. cxd3 Rad8 22. g3 d5 23. Qc1 Qc5 24. cxd5 Rxd5 25. Qxc5 Rxc5 26. Rge1
Rce5 27. Rxe5 Rxe5 28. Rd2 Kf8 29. Kc2 Ke7 30. Kd1 Kd6 31. Rc2 c6 32. Rc4 Rb5
33. b3 Ra5 34. a4 Re5 35. Rf4 f6 36. Kd2 Kd5 37. Rb4 b6 38. Rg4 g5 39. f4 gxf4
40. Rxf4 f5 41. d4 Re4 42. Rxf5+ Kxd4 43. Rf6 Rg4 44. Rxh6 Rxg3 45. Rxc6 Rxb3
46. h5 Rh3 47. h6 Rh2+ 48. Kc1 Kd5 49. Rc7 Rxh6 50. Rxa7 Kc5 51. Ra6 Rh2
1/2-1/2

[Event "Mitropa Cup 33rd"]
[Site "Ruzomberok"]
[Date "2014.05.29"]
[Round "7.4"]
[White "Szabo, Krisztian"]
[Black "Gazik, Viktor"]
[Result "1-0"]
[WhiteElo "2543"]
[BlackElo "2176"]
[PlyCount "155"]
[EventDate "2014.05.23"]
[EventType "team-tourn"]
[EventRounds "9"]
[EventCountry "SVK"]
[Source "ChessBase"]
[SourceDate "2014.07.01"]
[WhiteTeam "Hungary"]
[BlackTeam "Slovakia II"]
[WhiteTeamCountry "HUN"]
[BlackTeamCountry "SVK"]

1. e4 Nf6 2. e5 Nd5 3. d4 d6 4. Nf3 Nc6 5. c4 Nb6 6. e6 fxe6 7. Nc3 e5 8. d5
Nd4 9. Nxd4 exd4 10. Qxd4 e5 11. Qd1 Bf5 12. Bd3 Qd7 13. O-O Be7 14. Bxf5 Qxf5
15. Be3 O-O 16. b3 Rf7 17. Qb1 Qh5 18. Ne4 Bh4 19. Qd3 Rd8 20. Bxb6 axb6 21. a4
Rdf8 22. b4 Qg6 23. f3 Bg5 24. a5 Bf4 25. g3 Rf5 26. Kh1 Rh5 27. Ra2 Bg5 28.
axb6 cxb6 29. Qe2 Qh6 30. Ra3 Rc8 31. Kg1 Be7 32. Rfa1 Rf5 33. Ra8 Rff8 34.
Rxc8 Rxc8 35. Kg2 Bf8 36. Qd3 Rb8 37. Qd2 Qxd2+ 38. Nxd2 g6 39. Ra7 Kf7 40. Ne4
h6 41. Kf2 Be7 42. Ke2 Ke8 43. Nc3 Kd7 44. Kd3 h5 45. Kc2 Bg5 46. Kd3 Be7 47.
Nb5 Bg5 48. Ra1 Rf8 49. Ke2 Rc8 50. Ra7 Rb8 51. Nc3 Kc7 52. Ne4 Be7 53. f4 exf4
54. gxf4 b5 55. cxb5 Kb6 56. Ra5 Rc8 57. Kd3 Rc1 58. Nd2 Bf6 59. Nc4+ Kc7 60.
b6+ Kd7 61. Ne3 Rc3+ 62. Kd2 Rb3 63. Ra7 Bd4 64. Nc4 Rxb4 65. Rxb7+ Kd8 66. Kd3
Bc5 67. Rg7 Bxb6 68. Rxg6 Bc5 69. Nxd6 Rd4+ 70. Kc3 Rxd5 71. Nb7+ Ke7 72. Kc4
Rf5 73. Nxc5 Rxf4+ 74. Kd3 Rf3+ 75. Ke2 Rc3 76. Ne4 Rh3 77. Rg7+ Kf8 78. Rg2
1-0

[Event "Mitropa Cup 33rd"]
[Site "Ruzomberok"]
[Date "2014.05.27"]
[Round "5.4"]
[White "Berchtenbreiter, Maximilian"]
[Black "Nguyen, Thai Dai Van"]
[Result "1/2-1/2"]
[WhiteElo "2409"]
[BlackElo "2239"]
[PlyCount "65"]
[EventDate "2014.05.23"]
[EventType "team-tourn"]
[EventRounds "9"]
[EventCountry "SVK"]
[Source "ChessBase"]
[SourceDate "2014.07.01"]
[WhiteTeam "Germany"]
[BlackTeam "Czech Republic"]
[WhiteTeamCountry "GER"]
[BlackTeamCountry "CZE"]

1. e4 e6 2. d4 d5 3. Nc3 Nf6 4. e5 Nfd7 5. f4 c5 6. Nf3 Nc6 7. Be3 cxd4 8. Nxd4
Qb6 9. Ncb5 Bc5 10. Nxc6 bxc6 11. Nd6+ Ke7 12. Bxc5 Nxc5 13. Bc4 Nb7 14. Qg4
Qe3+ 15. Be2 Nxd6 16. exd6+ Kxd6 17. Qxg7 Bd7 18. Qg3 Qxg3+ 19. hxg3 Rab8 20.
O-O-O c5 21. Rh6 Ke7 22. Rdh1 Rbg8 23. g4 Rg7 24. Bf3 Kd6 25. R1h5 Bc6 26. c3
a5 27. a3 a4 28. Kc2 c4 29. Kc1 Bb7 30. Bd1 Bc6 31. g5 Be8 32. Rh4 Kc5 33. g3
1/2-1/2

[Event "Mitropa Cup 33rd"]
[Site "Ruzomberok"]
[Date "2014.05.23"]
[Round "1.4"]
[White "Nguyen, Thai Dai Van"]
[Black "Vitoux, Colomban"]
[Result "0-1"]
[WhiteElo "2239"]
[BlackElo "2402"]
[PlyCount "42"]
[EventDate "2014.05.23"]
[EventType "team-tourn"]
[EventRounds "9"]
[EventCountry "SVK"]
[Source "ChessBase"]
[SourceDate "2014.07.01"]
[WhiteTeam "Czech Republic"]
[BlackTeam "France"]
[WhiteTeamCountry "CZE"]
[BlackTeamCountry "FRA"]

1. e4 c5 2. Nf3 Nf6 3. e5 Nd5 4. Nc3 e6 5. Nxd5 exd5 6. d4 Nc6 7. dxc5 Bxc5 8.
Qxd5 Qb6 9. Bc4 Bxf2+ 10. Ke2 O-O 11. Rf1 Bc5 12. Ng5 Nxe5 13. Qxe5 d5 14. Bxd5
Bg4+ 15. Ke1 Rae8 16. Bxf7+ Kh8 17. Qxe8 Rxe8+ 18. Bxe8 h6 19. Nf7+ Kg8 20. Bf4
Qb4+ 21. c3 Qe4+ 0-1

[Event "Mitropa Cup 33rd"]
[Site "Ruzomberok"]
[Date "2014.05.30"]
[Round "8.3"]
[White "Jarmula, Lukasz"]
[Black "Rindlisbacher, Lars"]
[Result "1-0"]
[WhiteElo "2256"]
[BlackElo "2348"]
[PlyCount "71"]
[EventDate "2014.05.23"]
[EventType "team-tourn"]
[EventRounds "9"]
[EventCountry "SVK"]
[Source "ChessBase"]
[SourceDate "2014.07.01"]
[WhiteTeam "Poland"]
[BlackTeam "Switzerland"]
[WhiteTeamCountry "POL"]
[BlackTeamCountry "SUI"]

1. d4 Nf6 2. c4 e6 3. Nf3 d5 4. g3 dxc4 5. Bg2 a6 6. O-O Nc6 7. e3 Bd7 8. Qe2
b5 9. b3 cxb3 10. axb3 Bd6 11. Bb2 O-O 12. Ne5 Nd5 13. Nxd7 Qxd7 14. Nd2 Ra7
15. Rfd1 Bb4 16. Rac1 Na5 17. Qd3 Qe7 18. e4 Nb6 19. Ra1 Nb7 20. Nf3 Nd7 21. h4
Rd8 22. e5 Nf8 23. Qe4 Na5 24. Rd3 c6 25. Ne1 c5 26. dxc5 Bxe1 27. Rxe1 Rxd3
28. Qxd3 Qxc5 29. Rc1 Rd7 30. Qe4 Qb6 31. Qb4 Rc7 32. Rxc7 Qxc7 33. Ba3 Qd8 34.
Qc3 Qb6 35. Bb4 Nxb3 36. Qc8 1-0

[Event "Mitropa Cup 33rd"]
[Site "Ruzomberok"]
[Date "2014.05.28"]
[Round "6.4"]
[White "Nguyen, Thai Dai Van"]
[Black "Gloor, Roger"]
[Result "0-1"]
[WhiteElo "2239"]
[BlackElo "2357"]
[PlyCount "92"]
[EventDate "2014.05.23"]
[EventType "team-tourn"]
[EventRounds "9"]
[EventCountry "SVK"]
[Source "ChessBase"]
[SourceDate "2014.07.01"]
[WhiteTeam "Czech Republic"]
[BlackTeam "Switzerland"]
[WhiteTeamCountry "CZE"]
[BlackTeamCountry "SUI"]

1. e4 c5 2. Nf3 e6 3. d4 cxd4 4. Nxd4 a6 5. Nc3 Qc7 6. Bd3 Nf6 7. O-O d6 8. Qe2
Nbd7 9. Bd2 Be7 10. Rae1 O-O 11. Kh1 Nc5 12. f4 b5 13. Nf3 Bb7 14. a3 Rfe8 15.
Qf2 d5 16. e5 Nfe4 17. Bxe4 Nxe4 18. Nxe4 dxe4 19. Nd4 Bc5 20. Be3 Rac8 21. c3
Bd5 22. Ne2 Bc4 23. Rg1 Red8 24. Ng3 Bd3 25. Bxc5 Qxc5 26. Qxc5 Rxc5 27. Nxe4
Rc4 28. Nd6 Rxf4 29. Rd1 Bc2 30. Rd4 Rf2 31. Rc1 Re2 32. Kg1 Bb3 33. Nxb5 Rf8
34. Nc7 a5 35. c4 h5 36. c5 Rc8 37. Na6 Bd5 38. Kf1 Rxb2 39. h4 Rc6 40. Nb4
axb4 41. axb4 Bxg2+ 42. Kg1 Bd5 43. Ra1 Kh7 44. Ra7 Rc8 45. Rxf7 Ra8 46. Rd1
Raa2 0-1

[Event "Mitropa Cup 33rd"]
[Site "Ruzomberok"]
[Date "2014.05.30"]
[Round "8.4"]
[White "Gazik, Viktor"]
[Black "Schachinger, Mario"]
[Result "1-0"]
[WhiteElo "2176"]
[BlackElo "2425"]
[PlyCount "79"]
[EventDate "2014.05.23"]
[EventType "team-tourn"]
[EventRounds "9"]
[EventCountry "SVK"]
[Source "ChessBase"]
[SourceDate "2014.07.01"]
[WhiteTeam "Slovakia II"]
[BlackTeam "Austria"]
[WhiteTeamCountry "SVK"]
[BlackTeamCountry "AUT"]

1. Nf3 Nf6 2. d4 e6 3. e3 c5 4. Bd3 Nc6 5. O-O d5 6. b3 cxd4 7. exd4 Bd6 8. Bb2
Qc7 9. a3 O-O 10. Nbd2 b6 11. Qe2 Bb7 12. Ne5 Rac8 13. f4 Ne7 14. Rf3 Ne4 15.
Rh3 f5 16. Ndf3 Nc6 17. Bxe4 Nxe5 18. fxe5 fxe4 19. Ng5 Qxc2 20. Qxc2 Rxc2 21.
exd6 Bc8 22. Nxh7 Rff2 23. Bc1 Rxg2+ 24. Kh1 e5 25. Rh4 exd4 26. Bf4 e3 27. Bg3
e2 28. Rxd4 Kxh7 29. Re1 Rxg3 30. hxg3 Rc6 31. Rxd5 Bb7 32. Kg1 Rc3 33. d7 Bxd5
34. d8=Q Rxg3+ 35. Kh2 Rg2+ 36. Kh3 Bb7 37. Qd3+ Kh6 38. Rxe2 Rg5 39. Re6+ g6
40. Qe3 1-0

[Event "Mitropa Cup 33rd"]
[Site "Ruzomberok"]
[Date "2014.05.23"]
[Round "1.5"]
[White "Gazik, Viktor"]
[Black "Mazur, Stefan"]
[Result "0-1"]
[WhiteElo "2176"]
[BlackElo "2426"]
[PlyCount "78"]
[EventDate "2014.05.23"]
[EventType "team-tourn"]
[EventRounds "9"]
[EventCountry "SVK"]
[Source "ChessBase"]
[SourceDate "2014.07.01"]
[WhiteTeam "Slovakia II"]
[BlackTeam "Slovakia"]
[WhiteTeamCountry "SVK"]
[BlackTeamCountry "SVK"]

1. e4 e5 2. f4 Bc5 3. Nf3 d6 4. c3 Nf6 5. d4 exd4 6. cxd4 Bb6 7. Nc3 O-O 8. Bd3
Re8 9. O-O Nc6 10. Bc2 Bg4 11. Be3 Bf5 12. Ng5 h6 13. Bb3 d5 14. Nxd5 Nxd5 15.
Nxf7 Kxf7 16. Bxd5+ Kf8 17. Qh5 Qd7 18. Bxc6 bxc6 19. exf5 Rxe3 20. f6 Qxd4 21.
fxg7+ Qxg7 22. Kh1 Rd8 23. f5 Qg5 24. Qxg5 hxg5 25. Rac1 Re2 26. Rxc6 Rdd2 27.
Rf6+ Ke7 28. Rh6 Rf2 29. Re1+ Kf7 30. g4 Be3 31. Rh7+ Kg8 32. Rh6 Kg7 33. Rh5
Bf4 34. h3 Rh2+ 35. Kg1 Rdg2+ 36. Kf1 Rxb2 37. Kg1 Rbg2+ 38. Kf1 Rxa2 39. Kg1
Rae2 0-1

[Event "Mitropa Cup 33rd"]
[Site "Ruzomberok"]
[Date "2014.05.26"]
[Round "4.2"]
[White "Gazik, Viktor"]
[Black "Berchtenbreiter, Maximilian"]
[Result "0-1"]
[WhiteElo "2176"]
[BlackElo "2409"]
[PlyCount "134"]
[EventDate "2014.05.23"]
[EventType "team-tourn"]
[EventRounds "9"]
[EventCountry "SVK"]
[Source "ChessBase"]
[SourceDate "2014.07.01"]
[WhiteTeam "Slovakia II"]
[BlackTeam "Germany"]
[WhiteTeamCountry "SVK"]
[BlackTeamCountry "GER"]

1. e4 c5 2. Nf3 d6 3. d4 cxd4 4. Nxd4 Nf6 5. Nc3 a6 6. h3 b5 7. g4 Bb7 8. Bg2
h6 9. a3 Nbd7 10. O-O Rc8 11. Qe2 g6 12. f4 Bg7 13. e5 Bxg2 14. Kxg2 Nh7 15.
Nf3 dxe5 16. fxe5 Nhf8 17. Bf4 Ne6 18. Bh2 h5 19. g5 Qc7 20. Rad1 Qc6 21. h4
Nb6 22. Rd3 Nc4 23. Nd1 O-O 24. c3 Rfd8 25. Nf2 Qb6 26. Rfd1 Rxd3 27. Rxd3 Nc5
28. Rd4 Nb3 29. Rd7 Ne3+ 30. Kg1 Qc6 31. Rd3 Nf5 32. Qe4 Qxe4 33. Nxe4 Rc4 34.
Rd8+ Bf8 35. Nf2 Nxh4 36. Nxh4 Rxh4 37. Bg3 Rc4 38. e6 Nc5 39. exf7+ Kxf7 40.
Kg2 Bg7 41. Ra8 Ra4 42. Kf3 Ke6 43. Rg8 Kf7 44. Rc8 Rc4 45. Ra8 Na4 46. Nd3
Nxb2 47. Nxb2 Rxc3+ 48. Kf4 Rxa3 49. Nd1 e5+ 50. Ke4 Rxg3 51. Rxa6 Rg4+ 52. Kf3
Rxg5 53. Rb6 h4 54. Nf2 Bf8 55. Ne4 Rg1 56. Rxb5 h3 57. Rb2 g5 58. Rh2 g4+ 59.
Kf2 Ra1 60. Kg3 Ra4 61. Re2 Kg6 62. Nf2 Kf5 63. Nd1 Bh6 64. Rf2+ Bf4+ 65. Kh4
Ra3 66. Rf1 h2 67. Nf2 Ra7 0-1

[Event "Mitropa Cup 33rd"]
[Site "Ruzomberok"]
[Date "2014.05.31"]
[Round "9.4"]
[White "Vitoux, Colomban"]
[Black "Gazik, Viktor"]
[Result "1-0"]
[WhiteElo "2402"]
[BlackElo "2176"]
[PlyCount "51"]
[EventDate "2014.05.23"]
[EventType "team-tourn"]
[EventRounds "9"]
[EventCountry "SVK"]
[Source "ChessBase"]
[SourceDate "2014.07.01"]
[WhiteTeam "France"]
[BlackTeam "Slovakia II"]
[WhiteTeamCountry "FRA"]
[BlackTeamCountry "SVK"]

1. e4 c5 2. Nf3 d6 3. c3 Nf6 4. Be2 Nc6 5. d4 cxd4 6. cxd4 Nxe4 7. d5 Qa5+ 8.
Nc3 Nxc3 9. bxc3 Ne5 10. Nxe5 Qxc3+ 11. Bd2 Qxe5 12. O-O Qxd5 13. Rb1 Qf5 14.
Rxb7 f6 15. Rb5 e5 16. Bf3 Bd7 17. Bxa8 Bxb5 18. Qb3 Bd7 19. Bd5 g6 20. Qb8+
Ke7 21. Bb4 Be6 22. Bxd6+ Kf7 23. Qc7+ Ke8 24. Bc6+ Bd7 25. Qc8+ Kf7 26. Bxd7
1-0

[Event "Mitropa Cup 33rd"]
[Site "Ruzomberok"]
[Date "2014.05.26"]
[Round "4.1"]
[White "Nguyen, Thai Dai Van"]
[Black "Jarmula, Lukasz"]
[Result "0-1"]
[WhiteElo "2239"]
[BlackElo "2256"]
[PlyCount "84"]
[EventDate "2014.05.23"]
[EventType "team-tourn"]
[EventRounds "9"]
[EventCountry "SVK"]
[Source "ChessBase"]
[SourceDate "2014.07.01"]
[WhiteTeam "Czech Republic"]
[BlackTeam "Poland"]
[WhiteTeamCountry "CZE"]
[BlackTeamCountry "POL"]

1. e4 c5 2. Nf3 d6 3. d4 cxd4 4. Nxd4 Nf6 5. Nc3 a6 6. Be2 e6 7. O-O Be7 8. f4
O-O 9. Kh1 Qc7 10. Qe1 b5 11. Bf3 Bb7 12. e5 Ne8 13. f5 dxe5 14. fxe6 Bxf3 15.
exf7+ Rxf7 16. Nxf3 Qc4 17. b3 Qe6 18. Bb2 Nc6 19. Ne4 h6 20. Qe2 Nc7 21. Ng3
Raf8 22. Rfe1 Bb4 23. c3 Ba5 24. Ne4 Nd5 25. Nc5 Qg4 26. h3 Qh5 27. Nd4 Qg6 28.
Nxc6 Qxc6 29. Nd3 Nf4 30. Nxe5 Nxe2 31. Nxc6 Ng3+ 32. Kg1 Bb6+ 33. Nd4 b4 34.
Kh2 Nf1+ 35. Kh1 Ng3+ 36. Kh2 Rf2 37. Rab1 Nf1+ 38. Kh1 Rxb2 39. Rxf1 Rxf1+ 40.
Rxf1 bxc3 41. Nf3 c2 42. Nd2 Be3 0-1